00598nam a2200193 a 4500008004100000020001800041050001600059100002100075245007400096250001100170260002700181260003300208300003700241350001100278500003200289650005100321650001300372700001900385101117s2009 ||||||||||||||||| || u a9780273716549 aHD 62.4 Rug aCollinson, Simon10aInternational business. (5th ed.)cby Alan M. Rugman; Simon Collinson a5th ed aHarlow:bPearsonc2009 aHarlow:bPrentice Hallc2009 axxxii, 716 pages : illustrations a192.80 aIncludes Glossary and Index aINTERNATIONAL BUSINESS ENTERPRISES--MANAGEMENT 0aBUSINESS aRugman, Alan M